Statistics for Hogwarts Legacy Spell List

Click here to take the quiz!

General Stats

  • This quiz has been taken 153 times
  • The average score is 15 of 26

Answer Stats

Answer% Correct
Crucio
90%
Avada Kedavra
87%
Accio
80%
Imperio
80%
Lumos
77%
Wingardium Leviosa
76%
Levioso
75%
Bombarda
70%
Confringo
69%
Incendio
68%
Flipendo
64%
Depulso
63%
Expelliarmus
61%
Glacius
59%
Revelio
58%
Diffindo
56%
Reparo
55%
Arresto Momentum
52%
Protego
50%
Descendo
45%
Stupefy
42%
Petrificus Totalus
41%
Transfiguration Charm
33%
Alohamora
31%
Disillusionment Charm
26%
Ancient Magic / Throw
21%

Score Distribution

Percentile by Number Answered

Percent of People with Each Score

Your Score History

You have not taken this quiz